Statistics for Doctor Who planets (New Who)

Click here to take the quiz!

General Stats

  • This quiz has been taken 248 times
  • The average score is 10 of 74

Answer Stats

Hint Answer % Correct
27Earth
93%
Gallifrey
71%
Skaro
67%
Mars
65%
Krop Tor
63%
27Clom
58%
New Earth
53%
Midnight
43%
27Adipose 3
43%
Poosh
43%
27Pyrovilia
32%
Ood-Sphere
28%
Raxacoricofallapatorius
27%
Demon's Run
26%
Trenzalore
23%
Barcelona
21%
Akhaten
19%
Sontar
19%
the Library
19%
House
18%
Utopia
14%
Asylum Planet
13%
27Woman Wept
13%
Apalapucia
11%
Arcadia
9%
Androzani Major
9%
27Jahoo
8%
Alfalva Metraxis
8%
Messaline
7%
27Calufrax Minor
7%
Malcassairo
6%
San Helios
6%
One
5%
Sto
5%
Sycorax
5%
Felspoon
4%
Asgard
4%
Bessan
3%
Melissa Majoria
3%
Castor 36
3%
Daemos
3%
New Venus
3%
27Shallacatop
3%
Saturnyne
2%
Krillia
2%
27Flane
2%
Grajick Major
2%
Darillium
2%
Cotter Palluni's World
2%
Catrigan Nova
2%
Chavic Five
2%
27Griffoth
2%
Galsec Seven
2%
Kataa Floko
2%
Stormcage
1%
Crespallion
1%
Strepto
1%
Cheem
1%
Lucifer
1%
Vel Consadine
1%
Karass Don Slava
1%
Proxima Centauri
1%
Dravidia
1%
Kala
1%
Rexel 4
1%
San Kaloon
1%
Meta Sigmafolio
1%
Justicia
1%
Padrivole Regency 9
1%
Pen Haxico 2
1%
Koorharn
0%
Shallanna
0%
Sinda Callesta
0%
Thrace
0%

Score Distribution

Percentile by Number Answered

Percent of People with Each Score

Your Score History

You have not taken this quiz